| 000 | 00520pam a2200193 a 4500 | ||
|---|---|---|---|
| 001 | 1558613 | ||
| 005 | 20240304011825.0 | ||
| 008 | 920317s1992 enka b 001 0 eng | ||
| 020 | _a1856490009 (cloth) | ||
| 020 | _a1856490017 (paper) | ||
| 040 |
_aDLC _cDLC _dDLC |
||
| 082 | 0 | 0 |
_a323.334. _220 _bREF. |
| 100 | 1 | _aMartin, Forbes Susan. | |
| 245 | 1 | 0 |
_aRefugee women / _cprepared by Susan Forbes Martin. |
| 260 |
_aLondon ; _bZed Books LTD, _c1992. |
||
| 300 | _axii, 140 p. : | ||
| 650 | 0 | _aWomen refugees. | |
| 942 | _cL | ||
| 999 |
_c532 _d532 |
||